Soil and solid waste pollution and its management (Record no. 76627)

MARC details
000 -LEADER
fixed length control field 00817nam a2200157 a 4500
008 - FIXED-LENGTH DATA ELEMENTS--GENERAL INFORMATION
fixed length control field 120416s1997 ||||||||||||||||| || u
020 ## - INTERNATIONAL STANDARD BOOK NUMBER
International Standard Book Number 8185431930
050 ## - LIBRARY OF CONGRESS CALL NUMBER
Classification number TD 174 Gau
100 ## - MAIN ENTRY--PERSONAL NAME
Personal name Gaur, G
245 10 - TITLE STATEMENT
Title Soil and solid waste pollution and its management
260 ## - PUBLICATION, DISTRIBUTION, ETC.
Place of publication, distribution, etc. New Delhi
Name of publisher, distributor, etc. Sarup and Sons
Date of publication, distribution, etc. 1997
350 ## -
-- 0.00
995 ## -
-- ANNEX COLLECTION (Main Library)
-- 0.00
-- 732292
-- CBU-MAIN LIBRARY (Kitwe)
-- 2
-- 29.95
-- TD 174 Gau
-- 2
-- AVAILABLE
-- Aug 15, 2006
-- 029522
-- Annex Low-Usage Collection
995 ## -
-- MAIN LIBRARY OPEN ACCESS
-- 0.00
-- 732291
-- CBU-MAIN LIBRARY (Kitwe)
-- 1
-- 29.95
-- TD 174 Gau
-- AVAILABLE
-- 029521
-- Main Library Open Access Collection
995 ## -
-- MAIN LIBRARY OPEN ACCESS
-- 0.00
-- 732293
-- CBU-MAIN LIBRARY (Kitwe)
-- 3
-- 29.95
-- TD 174 Gau
-- 3
-- AVAILABLE
-- 029523
-- Main Library Open Access Collection
999 ## -
-- 76627
-- 76627
Holdings
Withdrawn status Lost status Source of classification or shelving scheme Damaged status Not for loan Permanent Location Current Location Shelving location Date acquired Total Checkouts Full call number Barcode Date last seen Copy number Price effective from Koha item type
          CBU-MAIN LIBRARY, KITWE. CBU-MAIN LIBRARY, KITWE.   04/25/2023   TD 174 Gau 029522 04/25/2023 1 04/25/2023 MONOGRAPH
          CBU-MAIN LIBRARY, KITWE. CBU-MAIN LIBRARY, KITWE.   04/25/2023   TD 174 Gau 029521 04/25/2023 2 04/25/2023 MONOGRAPH
          CBU-MAIN LIBRARY, KITWE. CBU-MAIN LIBRARY, KITWE.   04/25/2023   TD 174 Gau 029523 04/25/2023 3 04/25/2023 MONOGRAPH